| 000 | 00596nam a22001937a 4500 | ||
|---|---|---|---|
| 003 | OSt | ||
| 005 | 20260204123147.0 | ||
| 008 | 260204s2005 ag ||||| |||| 00| 1 spa d | ||
| 020 | _a987-1187-32-7 | ||
| 040 | _cbesoc | ||
| 100 | 1 |
_aDoyle, Arthur Conan, _d1859-1930, _eautor |
|
| 245 | 1 | 0 |
_aEstudio de escarlata : _bLa seƱal de los cuatro / _cArthur Conan Doyle |
| 260 |
_aBuenos Aires : _bTerramar, _c2005 |
||
| 300 |
_a243 p. ; _c19 cm |
||
| 490 | 0 |
_aHistorias completas de Sherlock Holmes ; _v1 |
|
| 650 | 7 |
_aLiteratura inglesa _2embne |
|
| 655 | 7 |
_2embne _aNovelas policiacas |
|
| 942 |
_2udc _cOG _n0 |
||
| 999 |
_c871 _d871 |
||